Lexikon technických materiálů se zahraničními ekvivalenty. Základní dílo : Aktuální stav květen 2000 - včetne 7. aktualizace

Salvato in:
Dettagli Bibliografici
Natura: Libro
Lingua:ceco
Pubblicazione: Praha : Verlag Dashöfer, 2000
Soggetti:
Tags: Aggiungi Tag
Nessun Tag, puoi essere il primo ad aggiungerne!!

MARC

LEADER 00000nam a22000003a 4500
001 stu55071
005 20150408175839.2
008 000925s2000----xr------------------cze-d
020 |a 80-86229-02-5 
040 |a STU  |b slo 
041 0 |a cze 
044 |a xr 
080 |a 621.002.3(03) 
245 |a Lexikon technických materiálů se zahraničními ekvivalenty. Základní dílo :  |b Aktuální stav květen 2000 - včetne 7. aktualizace 
260 |a Praha :  |b Verlag Dashöfer,  |c 2000 
300 |a nestr  |c CD 
650 7 |a Materiály technické-lexikóny  |2 stusub 
996 |b 284M076744  |c M*10198/7-1  |l MMST  |s P  |a 0  |w stu55071_0001